The Binding of Isaac All Trinkets - Statistics

General Stats
  • This quiz has been taken 101 times
  • The average score is 17 of 188
Answer Stats
Added In Trinkets % Correct
Repentance 'M
75%
Rebirth Cancer
59%
Rebirth Burnt Penny
46%
Rebirth Curved Horn
46%
Rebirth Flat Penny
38%
Repentance Cursed Penny
34%
Rebirth Match Stick
34%
Rebirth Bloody Penny
32%
Rebirth Counterfeit Penny
32%
Rebirth Swallowed Penny
32%
Rebirth Tick
30%
Afterbirth NO!
27%
Rebirth Isaac's Head
25%
Rebirth Butt Penny
23%
Repentance Perfection
21%
Repentance Blessed Penny
20%
Afterbirth+ Cracked Crown
20%
Afterbirth Error
20%
Rebirth Missing Poster
20%
Rebirth Maggy's Faith
18%
Repentance Blue Key
16%
Rebirth Cursed Skull
16%
Rebirth Mom's Pearl
16%
Rebirth Petrified Poop
16%
Repentance Beth's Faith
14%
Rebirth Cain's Eye
14%
Repentance Charged Penny
14%
Rebirth Goat Hoof
14%
Repentance Jawbreaker
14%
Rebirth Lucky Toe
14%
Afterbirth+ Rotten Penny
14%
Repentance Adoption Papers
13%
Rebirth Black Lipstick
13%
Repentance Brain Worm
13%
Rebirth Child's Heart
13%
Afterbirth Lazy Worm
13%
Afterbirth+ Locust of Pestilence
13%
Afterbirth+ Locust of War
13%
Rebirth Mom's Toenail
13%
Rebirth Paper Clip
13%
Afterbirth+ Pay to Win
13%
Rebirth Ring Worm
13%
Afterbirth Safety Scissors
13%
Rebirth Samson's Lock
13%
Afterbirth Shiny Rock
13%
Rebirth The Left Hand
13%
Afterbirth+ Wooden Cross
13%
Rebirth A Missing Page
11%
Rebirth Bible Tract
11%
Repentance Broken Glasses
11%
Repentance Crystal Key
11%
Rebirth Flat Worm
11%
Repentance Kid's Drawing
11%
Afterbirth+ Locust of Famine
11%
Afterbirth+ Nose Goblin
11%
Afterbirth Rainbow Worm
11%
Rebirth Rusted Key
11%
Rebirth ???'s Soul
11%
Rebirth Whip Worm
11%
Rebirth AAA Battery
9%
Rebirth Ace of Spades
9%
Repentance A Lighter
9%
Afterbirth+ Bat Wing
9%
Rebirth Broken Remote
9%
Repentance Broken Syringe
9%
Rebirth Callus
9%
Afterbirth+ Door Stop
9%
Repentance Holy Crown
9%
Rebirth Judas' Tongue
9%
Rebirth Liberty Cap
9%
Afterbirth+ Locust of Conquest
9%
Afterbirth+ Locust of Death
9%
Repentance Mom's Lock
9%
Rebirth Monkey's Paw
9%
Repentance Nuh Uh!
9%
Rebirth Pinky Eye
9%
Rebirth Store Credit
9%
Afterbirth+ Black Tooth
7%
Afterbirth Blasting Cap
7%
Afterbirth+ Bloody Crown
7%
Rebirth Broken Ankh
7%
Afterbirth+ Butter!
7%
Rebirth Daemon's Tail
7%
Repentance Devil's Crown
7%
Repentance Dice Bag
7%
Afterbirth Faded Polaroid
7%
Repentance Flat File
7%
Repentance Found Soul
7%
Repentance Gilded Key
7%
Afterbirth+ Hairpin
7%
Repentance Modeling Clay
7%
Rebirth Mysterious Paper
7%
Afterbirth Poker Chip
7%
Repentance Sigil of Baphomet
7%
Afterbirth+ Silver Dollar
7%
Afterbirth Store Key
7%
Repentance Strange Key
7%
Repentance Swallowed M80
7%
Rebirth Wiggle Worm
7%
Afterbirth Black Feather
5%
Repentance Chewed Pen
5%
Afterbirth Cracked Dice
5%
Afterbirth+ Crow Heart
5%
Afterbirth+ Duct Tape
5%
Afterbirth Endless Nameless
5%
Rebirth Eve's Bird Foot
5%
Afterbirth+ Filigree Feather
5%
Rebirth Fish Head
5%
Afterbirth+ Fish Tail
5%
Afterbirth Golden Horse Shoe
5%
Rebirth Hook Worm
5%
Rebirth Isaac's Fork
5%
Afterbirth Karma
5%
Rebirth Lucky Rock
5%
Repentance Mother's Kiss
5%
Afterbirth+ Ouroboros Worm
5%
Repentance Panic Button
5%
Rebirth Pulse Worm
5%
Rebirth Push Pin
5%
Repentance RC Remote
5%
Rebirth Safety Cap
5%
Afterbirth+ Super Ball
5%
Repentance The Twins
5%
Repentance Torn Pocket
5%
Afterbirth Watch Battery
5%
Repentance Wicked Crown
5%
Repentance Azazel's Stump
4%
Repentance Beth's Essence
4%
Afterbirth Blind Rage
4%
Afterbirth Bob's Bladder
4%
Repentance Cricket Leg
4%
Afterbirth+ Equality!
4%
Repentance Expansion Pack
4%
Repentance Ice Cube
4%
Repentance Number Magnet
4%
Repentance Short Fuse
4%
Afterbirth Stud Finder
4%
Afterbirth Tape Worm
4%
Repentance Temporary Tattoo
4%
Afterbirth+ Tonsil
4%
Rebirth Umbilical Cord
4%
Afterbirth+ Wish Bone
4%
Repentance Apple of Sodom
2%
Afterbirth+ Baby-Bender
2%
Rebirth Broken Magnet
2%
Repentance Broken Padlock
2%
Afterbirth Brown Cap
2%
Rebirth Cartridge
2%
Afterbirth+ Dim Bulb
2%
Afterbirth+ Extension Cord
2%
Afterbirth+ Finger Bone
2%
Afterbirth+ Fragmented Card
2%
Repentance Friendship Necklace
2%
Repentance Lil Clot
2%
Afterbirth Lil Larva
2%
Afterbirth+ Lost Cork
2%
Afterbirth Louse
2%
Repentance Lucky Sack
2%
Afterbirth+ Meconium
2%
Afterbirth Mom's Locket
2%
Repentance Myosotis
2%
Rebirth Mysterious Candy
2%
Rebirth Red Patch
2%
Afterbirth Rib of Greed
2%
Repentance Ring Cap
2%
Rebirth Rosary Bead
2%
Afterbirth+ Stem Cell
2%
Afterbirth Super Magnet
2%
Repentance Telescope Lens
2%
Repentance Torn Card
2%
Afterbirth+ Used Diaper
2%
Afterbirth+ Walnut
2%
Repentance Your Soul
2%
Repentance Apollyon's Best Friend
0%
Afterbirth+ Bag Lunch
0%
Afterbirth Blister
0%
Afterbirth Child Leash
0%
Repentance Dingle Berry
0%
Repentance Forgotten Lullaby
0%
Repentance Gigante Bean
0%
Repentance Hollow Heart
0%
Repentance Keeper's Bargain
0%
Repentance Old Capacitor
0%
Repentance Polished Bone
0%
Rebirth Purple Heart
0%
Afterbirth Second Hand
0%
Repentance Teardrop Charm
0%
Afterbirth+ Vibrant Bulb
0%
No matching quizzes found
Score Distribution
Percent of People with Each Score
Percentile by Number Answered
Your Score History
You have not taken this quiz